Üdvözlet Naszvadról a vágbalparti armentesitötársulat Naszvadi kosár és butor fonó telepe és kertészete

Zobrazenie: Tri čiastkové pohľady, každý v bielom orámovaní, spolu na šetkom podklade na strážnicu, dielne a záhrady družstva na výrobu košíkov a pleteného nábytku v Nesvadoch, po stranách dolnej snímky maľované zátišia s ovocím autora Jozsefa Dvihálly

Bibliographic Details
Format: Photo
Language:Hungarian
PhysicalDescription:1 pohľadnica (3 čiastkové pohľady) kolorovaná 9 x 14 cm
Published: Eperjes Divald Károly fia [1912?]
Subjects:

MARC

LEADER 00000ckm a2200000 a 4500
001 vtls011618755
003 SK-MaSNL
005 20260302085837.0
007 kf ho
008 230706q1912 xo g kuhun
015 |a SNBG 
035 |a urn:nbn:sk:snk-km00ea5s 
035 |a urn:nbn:sk:snk-km43h0f 
035 |a 1F4D7D75-BAF2-4B42-A7E9-2550BAEDA431 
040 |a SNK  |b slo  |c SNK  |e AACR2 
041 0 |a hun 
043 |a e-xo--- 
044 |a xo  |c SK 
072 7 |a 913  |x Regionálna geografia  |2 konspekt 
080 |a 913(437.6)  |2 2011 
080 |a 746.7  |2 2011 
080 |a 334.73  |2 2011 
080 |a 635.047  |2 2011 
080 |a 94(084.121)  |2 2011 
245 0 0 |a Üdvözlet Naszvadról  |h grafika  |b a vágbalparti armentesitötársulat Naszvadi kosár és butor fonó telepe és kertészete 
260 |a Eperjes  |b Divald Károly fia  |c [1912?] 
300 |a 1 pohľadnica (3 čiastkové pohľady)  |b kolorovaná  |c 9 x 14 cm 
500 |a Názvové údaje prevzaté z obrazovej časti pohľadnice 
520 8 |a Zobrazenie: Tri čiastkové pohľady, každý v bielom orámovaní, spolu na šetkom podklade na strážnicu, dielne a záhrady družstva na výrobu košíkov a pleteného nábytku v Nesvadoch, po stranách dolnej snímky maľované zátišia s ovocím autora Jozsefa Dvihálly 
600 1 7 |a Dvihálly, Józef  |2 SNKMA  |9 756527 
650 0 7 |a košikárstvo  |2 SNKPH  |9 3097 
650 0 7 |a družstvá  |2 SNKPH  |9 2107 
650 0 7 |a záhrady  |2 SNKPH  |9 2730 
651 7 |a Nesvady (Slovensko)  |2 SNKPHgeo  |9 51909 
651 7 |a Komárno (Slovensko : okres)  |2 SNKPH  |9 15954 
655 7 |a miestne pohľadnice  |2 SNKPH  |9 70510 
655 7 |a historické pohľadnice  |2 SNKPH  |9 159703 
752 |a Slovensko  |d Prešov 
852 |a Slovenská národná knižnica 
958 |a GBN 
958 |a ONDV 
958 |a GC 
999 |c 1194049  |d 1195979 
952 |a SNK  |b SNK  |y PREZ  |7 0  |p 17A1221140  |o snkSP 18351  |z Pohľadnica prešla poštou.  |0 0  |1 0  |4 0  |d 2017-03-20  |f 1  |l 0  |r 2026-02-24 22:21:29  |w 2026-02-24